000 00616cam a22002294a 4500
001 15454801
005 20180103065806.0
008 080917s2008 mnu 001 0 eng
010 _a 2008277219
020 _a9780314187857
040 _aDLC
_cDLC
041 _aeng
043 _an-us---
080 _a34 SPE
082 _a34 SPE
100 1 _a14
101 _aJUR
245 1 0 _aCivil procedure :
_cby A. Benjamin Spencer.
906 _a7
_bcbc
_corigcop
_d2
_encip
_f20
_gy-gencatlg
942 _2ddc
_cBK
999 _c39630
_d39630